Statistics for Real Madrid UCL 21/22 Scores

Click here to take the quiz!

General Stats

  • This quiz has been taken 146 times
  • The average score is 12 of 13

Answer Stats

HintAnswer% Correct
vs PSG (Second Leg, Home)3-1
100%
vs Man City (Second Leg, Home)3-1
100%
vs PSG (First Leg, Away)1-0
99%
vs Liverpool (final)1-0
99%
vs Man City ( First Leg, Away)4-3
98%
vs Inter (home)2-0
96%
vs Shakhtar (home)2-1
94%
vs Chelsea (Second Leg, Home)2-3
93%
vs Sheriff (home)1-2
91%
vs Inter (away)0-1
90%
vs Chelsea (First Leg, Away)1-3
90%
vs Sheriff (away)0-3
79%
vs Shakhtar (away)0-5
68%

Score Distribution

Percentile by Number Answered

Percent of People with Each Score

Your Score History

You have not taken this quiz